Air France Fleet - Statistics

General Stats
  • This quiz has been taken 34 times
  • The average score is 9 of 13
Answer Stats
Hint Answer % Correct
Airbus A350-900
96%
Airbus A320-200
92%
Airbus A321-200
92%
Airbus A318-100
88%
Airbus A319-100
85%
Airbus A220-300
81%
Boeing 787-9
77%
Airbus A330-200
77%
Boeing 777-300ER
73%
Boeing 777-200ER
69%
Airbus A321-100
58%
Boeing 777f
35%
Airbus A350f
19%
No matching quizzes found
Score Distribution
Percent of People with Each Score
Percentile by Number Answered
Your Score History
You have not taken this quiz